[Event "IND-ch U09 Girls 37th"]
[Site "Pune"]
[Date "2024.12.31"]
[Round "8"]
[White "Sriiyukthaa, Marksim Karki Abira"]
[Black "Divi, Bijesh"]
[Result "0-1"]
[WhiteElo "1466"]
[BlackElo "1805"]
[PlyCount "96"]
[EventDate "2024.12.27"]
[EventType "swiss"]
[EventRounds "11"]
[EventCountry "IND"]
[SourceTitle "CB02_2025"]
[SourceDate "2025.01.08"]
[SourceVersion "1"]
[SourceVersionDate "2025.01.08"]
[SourceQuality "1"]

1. d4 d5 2. c4 e6 3. g3 Nf6 4. Bg2 Be7 5. Nf3 0-0 6. 0-0 dxc4 7. Na3 Bxa3 8. bxa3 Nbd7 9. a4 c5 10. Ba3 Qa5 11. dxc5 Rd8 12. Qc2 Nxc5 13. Bxc5 Qxc5 14. Rac1 Bd7 15. Qxc4 Qa5 16. Qc7 b6 17. Qf4 Nd5 18. Qd2 Qxd2 19. Nxd2 Bxa4 20. Nc4 Bb5 21. e4 Nb4 22. a3 Nd3 23. Rc2 Rd4 24. Ne3 Rad8 25. Rb1 a6 26. h4 Nc5 27. Rcb2 Nxe4 28. Rb4 Nc3 29. R1b2 g6 30. Kh2 Rd2 31. R2b3 Na2 32. Rf4 Nc1 33. Rb1 Nd3 34. Re4 Nxf2 35. Rf4 Nd3 36. Rff1 Re2 37. Nd1 Bc6 38. Rg1 Ne5 39. Nc3 Rc2 40. Rgc1 Rxg2+ 41. Kh3 Rdd2 42. Rh1 Bf3 43. h5 g5 44. Rb4 g4+ 45. Kh4 h6 46. Rh3 Rh2 47. Rxg4+ Bxg4 48. Rxh2 Rxh2# 0-1

[Event "IND-ch U09 Girls 37th"]
[Site "Pune"]
[Date "2024.12.30"]
[Round "6"]
[White "Sriiyukthaa, Marksim Karki Abira"]
[Black "Harshika, M."]
[Result "1-0"]
[WhiteElo "1466"]
[BlackElo "1561"]
[PlyCount "87"]
[EventDate "2024.12.27"]
[EventType "swiss"]
[EventRounds "11"]
[EventCountry "IND"]
[SourceTitle "CB02_2025"]
[SourceDate "2025.01.08"]
[SourceVersion "1"]
[SourceVersionDate "2025.01.08"]
[SourceQuality "1"]

1. Nf3 d5 2. d4 c5 3. dxc5 Nc6 4. c4 dxc4 5. Qxd8+ Kxd8 6. Na3 Be6 7. Bf4 Nf6 8. 0-0-0+ Nd7 9. e4 c3 10. Nb5 cxb2+ 11. Kxb2 Rc8 12. Be3 g6 13. Nbd4 Bg7 14. Kb1 Bg4 15. Be2 Nxd4 16. Nxd4 Bxe2 17. Nxe2 Ke8 18. Rc1 Rf8 19. Rc2 Rc6 20. Rhc1 e6 21. Bd4 Bh6 22. f4 e5 23. Be3 Nf6 24. Rc4 Ng4 25. R4c3 Nxe3 26. Rxe3 exf4 27. Rf3 g5 28. Nd4 Rg6 29. Nf5 Bg7 30. Rd1 Be5 31. Rfd3 Bf6 32. Rd6 Be7 33. Rd7 Re6 34. Rxb7 f6 35. Ng7+ Kf7 36. Nxe6 Kxe6 37. c6 Rc8 38. c7 Bc5 39. Rd8 Rxc7 40. Rxc7 Bb6 41. Rc6+ Ke7 42. Rh8 g4 43. Rxh7+ Kd8 44. Rxf6 1-0

[Event "IND-ch U09 Girls 37th"]
[Site "Pune"]
[Date "2024.12.29"]
[Round "4"]
[White "Singh, Aashvi"]
[Black "Sriiyukthaa, Marksim Karki Abira"]
[Result "1/2-1/2"]
[WhiteElo "1575"]
[BlackElo "1466"]
[PlyCount "62"]
[EventDate "2024.12.27"]
[EventType "swiss"]
[EventRounds "11"]
[EventCountry "IND"]
[SourceTitle "CB02_2025"]
[SourceDate "2025.01.08"]
[SourceVersion "1"]
[SourceVersionDate "2025.01.08"]
[SourceQuality "1"]

1. e4 c5 2. Nc3 d6 3. f4 Nf6 4. Nf3 g6 5. Bc4 Bg7 6. d3 Nc6 7. 0-0 0-0 8. a3 a6 9. Bb3 b5 10. Nd5 Nxd5 11. Bxd5 Bb7 12. f5 Rb8 13. fxg6 hxg6 14. Ng5 Ne5 15. Ba2 c4 16. Qe1 Ng4 17. Qh4 Nh6 18. dxc4 bxc4 19. Bxc4 d5 20. exd5 Bxd5 21. Bd3 Qb6+ 22. Kh1 Qc6 23. Be4 Bxe4 24. Qxe4 Qxe4 25. Nxe4 Nf5 26. c3 Rb6 27. g4 Nd6 28. Nxd6 exd6 29. Rf2 Rfb8 30. Ra2 Re8 31. Bd2 d5 1/2-1/2

[Event "Swiss Queens Wed #18"]
[Site "FIDE Online Arena INT"]
[Date "2024.05.29"]
[Round "4"]
[White "Zaksaite, Salomeja"]
[Black "Sriiyukthaa, Marksim Karki Abira"]
[Result "0-1"]
[WhiteElo "2210"]
[BlackElo "1478"]
[PlyCount "110"]
[EventDate "2024.05.29"]
[EventType "swiss (blitz)"]
[EventRounds "11"]
[EventCountry "NET"]
[SourceTitle "CBM 220 Extra"]
[Source "ChessBase"]
[SourceDate "2024.07.31"]
[SourceVersion "1"]
[SourceVersionDate "2024.07.31"]
[SourceQuality "1"]

1. e4 c5 2. Nf3 d6 3. d4 cxd4 4. Nxd4 Nf6 5. Nc3 g6 6. Be3 Bg7 7. f3 Nc6 8. Qd2 Bd7 9. 0-0-0 Qc7 10. g4 a6 11. h4 b5 12. g5 Nh5 13. Nd5 Qb7 14. Rg1 Rc8 15. Kb1 0-0 16. Be2 e5 17. Nxc6 Bxc6 18. Bf1 Bxd5 19. Qxd5 Qxd5 20. Rxd5 Rc6 21. Bh3 f6 22. Bd7 Rc7 23. Bg4 fxg5 24. hxg5 Rc6 25. Rgd1 Rd8 26. Bxh5 gxh5 27. Rh1 Rdc8 28. c3 b4 29. cxb4 Rb8 30. a3 a5 31. bxa5 Rc3 32. Bd2 Rcb3 33. Bc1 Rxa3 34. Rxh5 Rxf3 35. Rxd6 Ra3 36. a6 Ra4 37. Rh4 Ra8 38. g6 hxg6 39. Rxg6 R8xa6 40. Rg1 Rb6 41. Rhg4 Ra7 42. Bh6 Rxh6 43. R4g2 Rb7 44. Rc2 Rhb6 45. Rcg2 Kf8 46. Rf1+ Ke8 47. Rfg1 Bf8 48. Rf1 Be7 49. Rg8+ Kd7 50. Rg2 Kd6 51. Rd2+ Ke6 52. Rg2 Kd6 53. Rg6+ Kc5 54. Rg2 Kd4 55. Re2 Kd3 0-1

[Event "Swiss Queens Wed #16"]
[Site "FIDE Online Arena INT"]
[Date "2024.05.15"]
[Round "2"]
[White "Kiolbasa, Oliwia"]
[Black "Sriiyukthaa, Marksim Karki Abira"]
[Result "1-0"]
[WhiteElo "2387"]
[BlackElo "1478"]
[PlyCount "79"]
[EventDate "2024.05.15"]
[EventType "swiss (blitz)"]
[EventRounds "11"]
[EventCountry "NET"]
[SourceTitle "CBM 220 Extra"]
[Source "ChessBase"]
[SourceDate "2024.07.31"]
[SourceVersion "1"]
[SourceVersionDate "2024.07.31"]
[SourceQuality "1"]

1. e4 c5 2. Nf3 d6 3. d4 cxd4 4. Nxd4 Nf6 5. Nc3 g6 6. Be3 Bg7 7. f3 Bd7 8. Qd2 Nc6 9. 0-0-0 0-0 10. g4 a6 11. h4 b5 12. h5 b4 13. Nd5 a5 14. hxg6 fxg6 15. Nxc6 Bxc6 16. Bh6 Bxd5 17. Bxg7 Kxg7 18. exd5 Rh8 19. Qh6+ Kg8 20. Bd3 Qf8 21. Qe3 Nxd5 22. Bc4 e6 23. Qxe6+ Qf7 24. Qxf7+ Kxf7 25. Bxd5+ Ke7 26. Bxa8 Rxa8 27. Rxh7+ Ke6 28. Rg7 Rf8 29. Rxg6+ Ke7 30. Rgxd6 Rxf3 31. g5 Rg3 32. g6 Kf8 33. Re6 Kg7 34. Rd7+ Kf8 35. Ra6 Re3 36. Ra8+ Re8 37. g7+ Kg8 38. Rxe8+ Kh7 39. g8Q+ Kh6 40. Rh7# 1-0

[Event "Swiss Queens Wed #16"]
[Site "FIDE Online Arena INT"]
[Date "2024.05.15"]
[Round "7"]
[White "Pinto, Niyola"]
[Black "Sriiyukthaa, Marksim Karki Abira"]
[Result "1-0"]
[WhiteElo "1411"]
[BlackElo "1478"]
[PlyCount "135"]
[EventDate "2024.05.15"]
[EventType "swiss (blitz)"]
[EventRounds "11"]
[EventCountry "NET"]
[SourceTitle "CBM 220 Extra"]
[Source "ChessBase"]
[SourceDate "2024.07.31"]
[SourceVersion "1"]
[SourceVersionDate "2024.07.31"]
[SourceQuality "1"]

1. d4 d5 2. e3 e6 3. Bd3 Nf6 4. f4 g6 5. Nf3 Bg7 6. 0-0 a6 7. Nbd2 0-0 8. Ne5 Nbd7 9. c3 Re8 10. b3 c6 11. Ba3 Qc7 12. Rf3 b6 13. Rh3 Nxe5 14. fxe5 Nd7 15. Bd6 Qb7 16. Qe1 h6 17. Qh4 c5 18. g4 Kh7 19. Be7 Kg8 20. Bf6 Bf8 21. Bg5 Bg7 22. Bxh6 f5 23. Bxg7 Kxg7 24. Qh7+ Kf8 25. Qxg6 Ke7 26. gxf5 exf5 27. Qxf5 Kd8 28. e6 Nf8 29. e4 Bxe6 30. Qf6+ Kc8 31. Rh8 Qd7 32. Rxf8 Bf7 33. Rxf7 Re6 34. Rxd7 Rxf6 35. Rh7 dxe4 36. Bxe4 Rb8 37. Rh8+ Kc7 38. Rxb8 Kxb8 39. Rf1 Re6 40. Rf8+ Kc7 41. Ra8 a5 42. Ra7+ Kb8 43. Rb7+ Kc8 44. Rh7 cxd4 45. Bf5 dxc3 46. Bxe6+ Kb8 47. Rh8+ Kc7 48. Rc8+ Kd6 49. Rxc3 Kxe6 50. Rc6+ Kd5 51. Rxb6 Kc5 52. Rg6 Kb4 53. h4 Ka3 54. h5 Kxa2 55. h6 Kb2 56. h7 Kc2 57. h8Q Kxd2 58. Qb2+ Kd3 59. Rg3+ Ke4 60. Qe2+ Kd5 61. Rd3+ Kc5 62. Qc2+ Kb4 63. Qc4+ Ka3 64. Rd5 a4 65. Qxa4+ Kb2 66. Rd2+ Kc1 67. Qd4 Kb1 68. Qb2# 1-0

[Event "Swiss Queens Wed #14"]
[Site "FIDE Online Arena INT"]
[Date "2024.05.01"]
[Round "8"]
[White "Ismayil, Malak"]
[Black "Sriiyukthaa, Marksim Karki Abira"]
[Result "1-0"]
[WhiteElo "2165"]
[BlackElo "1489"]
[PlyCount "85"]
[EventDate "2024.05.01"]
[EventType "swiss (blitz)"]
[EventRounds "11"]
[EventCountry "NET"]
[SourceTitle "CBM 220 Extra"]
[Source "ChessBase"]
[SourceDate "2024.07.31"]
[SourceVersion "1"]
[SourceVersionDate "2024.07.31"]
[SourceQuality "1"]

1. e4 c5 2. Nf3 d6 3. d4 cxd4 4. Nxd4 Nf6 5. Nc3 g6 6. Bc4 Bg7 7. 0-0 0-0 8. Bg5 Nc6 9. Nxc6 bxc6 10. Qd2 Re8 11. Rad1 e6 12. Bb3 a5 13. Rfe1 Bb7 14. Qxd6 Qxd6 15. Rxd6 Red8 16. Rxd8+ Rxd8 17. e5 h6 18. exf6 hxg5 19. fxg7 Kxg7 20. Rd1 Re8 21. Ne4 f5 22. Nd6 Re7 23. Nxb7 Rxb7 24. Bxe6 Kf6 25. Bb3 c5 26. Kf1 Rb4 27. c3 Rb6 28. Ke2 Ra6 29. Bc4 Rb6 30. b3 a4 31. Rd5 axb3 32. axb3 Rc6 33. Bb5 Rc7 34. Kd3 Ke6 35. Bc4 Kf6 36. Rd6+ Kg7 37. Bd5 Re7 38. Re6 Rd7 39. Kc4 Ra7 40. Kxc5 Ra5+ 41. Kd4 Ra2 42. Re7+ Kf6 43. Rf7# 1-0